| 000 | 01108nac a22002411u 4500 | ||
|---|---|---|---|
| 008 | 110710t xxu||||| |||| 00| 0 eng d | ||
| 010 | _a2003066214 | ||
| 020 | _a0195172809 | ||
| 020 | _a9780195172805 | ||
| 082 | 0 | 0 |
_a614.40727 _bSEL |
| 100 |
_aSelvin, S. _926241 |
||
| 245 | 1 | 0 |
_aStatistical Analysis of Epidemiologic Data / _cSteve Selvin. |
| 250 | _a3rd ed. | ||
| 260 |
_aOxford ; _aNew York : _bOxford University Press, 2004 _c2004. |
||
| 300 |
_axiv, 492 p. : _bill. ; _c24 cm. |
||
| 490 |
_926240 _aMonographs in Epidemiology and Biostatistics _nv.35 |
||
| 504 | _aIncludes bibliographical references (p. 479-485) and index. | ||
| 650 | 0 |
_aEpidemiology _xStatistical methods. _926242 |
|
| 856 | 4 | 1 |
_3Table of contents only _uhttp://www.loc.gov/catdir/toc/fy051/2003066214.html |
| 856 | 4 | 1 |
_3Publisher description _uhttp://www.loc.gov/catdir/enhancements/fy0615/2003066214-d.html |
| 942 |
_cBB _k614.40727 SEL _2ddc |
||
| 999 |
_c1306 _d1306 |
||